Automobilové centrum

Saved in:
Bibliographic Details
Main Author: Oršula, Juraj (Author)
Other Authors: Pernišová, Alena (Thesis advisor)
Format: Manuscript Book
Language:Slovak
Published: 2016
Subjects:
Online Access:http://is.stuba.sk/zp/portal_zp.pl?podrobnosti=109838
https://opac.crzp.sk/?fn=detailBiblioForm&sid=41728D440EB1EF629515138922FE
Tags: Add Tag
No Tags, Be the first to tag this record!

MARC

LEADER 00000ntm a22000003a 4500
001 stuzp56453
003 SK-STU
005 20231003122100.9
007 ta
008 150427s2015----xo-----f-mn---000-0-slo-d
040 |a STU  |b slo 
041 0 |a slo 
100 1 |a Oršula, Juraj  |u 010180  |4 aut  |U SvF Stavebná fakulta  |T SvF Katedra konštrukcií pozemných stavieb  |X 63818  |U V180  |Y 18  |7 63818 
242 0 1 |a Automotive center  |y eng 
245 1 0 |a Automobilové centrum 
260 |c 2016 
650 4 |a Auto  |2 slo 
650 4 |a Predajňa  |2 slo 
650 4 |a Servis  |2 slo 
650 4 |a Kaviareň  |2 slo 
650 4 |a Car  |2 eng 
650 4 |a Cafe  |2 eng 
650 4 |a Servis  |2 eng 
650 4 |a Shop  |2 eng 
700 1 |a Pernišová, Alena  |u 010180  |k Z1  |4 ths  |U SvF Stavebná fakulta  |T SvF Katedra konštrukcií pozemných stavieb  |X 751  |U V180  |Y 18  |7 A000000751 
856 4 |u http://is.stuba.sk/zp/portal_zp.pl?podrobnosti=109838 
856 4 |u https://opac.crzp.sk/?fn=detailBiblioForm&sid=41728D440EB1EF629515138922FE 
SQL |a stuzp56453  |b DDP  |c SLO  |d Automobilové centrum  |e 63818  |f Oršula, Juraj  |g 010180  |h 751  |i Pernišová, Alena  |j 20160616  |k 8  |l 01  |m http://is.stuba.sk/zp/portal_zp.pl?podrobnosti=109838  |n I-AKP  |o 5.1.4. pozemné stavby